Gesundheit Taschenbuch für das Jahr 1802. Von einer Gesellschaft Wiener Aerzte

Bibliographic Details
Main Author: Frank, Johann Peter, 1745-1821 (Author, Author of introduction, etc., Dedicator)
Corporate Author: Schaumburg und Compagnie (Viedeň, Rakúsko) (Printer)
Other Authors: Schaumburg, Karl, zomrel 1833 (Printer)
Format: Book
Language:German
PhysicalDescription:6 nečíslovaných listov, 174, 208 strán 8° 17,5 × 11,5 cm
Published: wien bey Karl Schaumburg und Kompagnie 1802
Subjects:

MARC

LEADER 00000nam a2200000 4500
001 vtls012264391
003 SK-MaSNL
005 20260301232042.0
008 251112s1802 au c f 011 0 ger
015 |a SNBHFA 
040 |a SNKHF  |b slo  |c SNK  |e rda 
041 0 |a ger 
044 |a au  |c AT 
072 7 |a 613  |x Hygiena. Ľudské zdravie  |2 konspekt 
080 |a 613/614  |2 2011 
080 |a 61  |2 2011 
100 1 |a Frank, Johann Peter,  |d 1745-1821  |4 aut  |4 aui  |4 dto  |9 447345 
245 1 0 |a Gesundheit Taschenbuch für das Jahr 1802.  |b Von einer Gesellschaft Wiener Aerzte 
264 1 |a wien  |b bey Karl Schaumburg und Kompagnie  |c 1802 
300 |a 6 nečíslovaných listov, 174, 208 strán  |c 8°  |c 17,5 × 11,5 cm 
336 |a text  |b txt  |2 rdacontent 
336 |a statický obraz  |b sti  |2 rdacontent 
337 |a bez média  |b n  |2 rdamedia 
338 |a zväzok  |b nc  |2 rdacarrier 
500 |a Vinety, linky, portrét Johanna Petra Franka bodkovacou technikou 
504 |a Poznámky pod čiarou 
508 |a Predslov autora; Dedikácia: Frank, Johann Peter; Weikard, Melchior Adam 
510 4 |a WorldCat  |c 488597469 
546 |a Nemčina  |b Fraktúra 
561 |a Proveniencia: Pečiatka Dr. E. Kadarász-vernot Poz Margity Zayovej.  |5 SNK ID 103600 
563 |a Väzba: tenka žltá papierová lepenková obálka s ornamentálnym rámom a medirytinovou ilustráciou na rube.  |5 SNK ID 103600 
650 0 7 |a zdravie  |2 SNKPH  |9 16322 
650 0 7 |a medicína  |2 SNKPH  |9 899 
700 1 |a Zaiová, Margita,  |d 1868-1937  |4 fmo  |9 186369 
700 1 |a Weikard, Melchior Adam,  |d 1742-1803  |4 hnr  |9 62485 
700 1 |a Bremser, Johann Gottfried,  |d 1767-1827  |4 oth  |9 245437 
700 1 |a Höger, Jan Křtitel,  |d 1779-1823  |4 oth  |9 625104 
700 1 |a Malsatti, Johann,  |d 18.-19. storočie  |4 oth  |9 625105 
700 1 |a Schmidt, Johann Adam,  |d 1759-1809  |4 oth  |9 625106 
700 1 |a Frank, Joseph,  |d 1771-1842  |4 oth  |9 447344 
700 1 |a Hürtl, Franz,  |d 18.-19. storočie  |4 oth  |9 625107 
700 1 |a Kappellini, Thomas,  |d 18.-19. storočie  |4 oth  |9 625108 
700 1 |a Schaumburg, Karl,  |d zomrel 1833  |4 prt  |9 447346 
710 2 |a Schaumburg und Compagnie (Viedeň, Rakúsko)  |4 prt  |9 447347 
752 |a Rakúsko  |d Viedeň 
852 |a Slovenská národná knižnica  |b Zaiova knižnica: Zay 8184 (Z 9668)  |p ID 103600 
958 |a DF 
958 |a ONDV 
999 |c 960255  |d 962185 
952 |t Zay 8184 (Z 9668)  |a SNK  |b SNK  |c SNK_HF  |y PREZ  |7 0  |p 17A1487911  |o snkID 103600  |i snk2024/15029  |8 5  |0 0  |1 0  |4 0  |d 2024-09-27  |l 0  |r 2026-02-24 10:16:51  |w 2026-02-24